| 000 | 01028nam a22002657a 4500 | ||
|---|---|---|---|
| 003 | 0 | ||
| 005 | 20251117134503.0 | ||
| 008 | 251117b xxu||||| |||| 00| 0 eng d | ||
| 020 | _a1-59307-215-5 | ||
| 050 |
_aPN 6790.J63 _bS66 1999 |
||
| 100 |
_aSuzuki, Koji, _eauthor. |
||
| 245 |
_aSpiral / _cKoji Suzuki ; art by Sakura Mizuki ; translation by Naomi Kokubo & Steven Hoffman ; lettering by Wilbert Lacuna. |
||
| 260 |
_aMilwaukie, OR : _bDark Horse Manga, _c1999. |
||
| 300 |
_a188 pages : _billustrations ; _c19 cm. |
||
| 500 | _aEnglish translation of the Japanese manga. | ||
| 520 | _aHorror manga adaptation of Koji Suzuki’s novel, continuing the story of cursed videotapes and supernatural events. | ||
| 650 | _aHorror fiction. | ||
| 650 | _aManga. | ||
| 650 | _aJapanese literature $v Comic books, strips, etc. | ||
| 700 |
_aMizuki, Sakura, _eillustrator. |
||
| 700 |
_aKokubo, Naomi, _etranslator. |
||
| 700 |
_aHoffman, Steven, _etranslator. |
||
| 700 |
_aLacuna, Wilbert, _eletterer. |
||
| 942 |
_2lcc _cBK |
||
| 999 |
_c368672 _d368672 |
||